书目信息 |
| 题名: |
工业微生物育种学
|
|
| 作者: | 施巧琴 , 吴松刚 主编 | |
| 分册: | ||
| 出版信息: | 北京 科学出版社 2013.01 |
|
| 页数: | 350页 | |
| 开本: | 26cm | |
| 丛书名: | 普通高等教育“十二五”规划教材 | |
| 单 册: | ||
| 中图分类: | Q939.97 | |
| 科图分类: | ||
| 主题词: | 工业--教材--高等学校--菌种--微生物学--遗传育种 | |
| 电子资源: | ||
| ISBN: | 978-7-03-036738-9 | |
| 000 | 01163nam0 2200277 450 | |
| 001 | 750 | |
| 005 | 20160908104832.50 | |
| 010 | @a978-7-03-036738-9@dCNY45.00 | |
| 100 | @a20130325d2013 em y0chiy50 ea | |
| 101 | 0 | @achi |
| 102 | @aCN@b110000 | |
| 105 | @aa z 000yy | |
| 200 | 1 | @a工业微生物育种学@9gong ye wei sheng wu yu zhong xue@f施巧琴,吴松刚主编 |
| 205 | @a4版 | |
| 210 | @a北京@c科学出版社@d2013.01 | |
| 215 | @a350页@c图@d26cm | |
| 225 | 2 | @a普通高等教育“十二五”规划教材@9pu tong gao deng jiao yu shi er wu gui hua jiao cai |
| 330 | @a本书是在《工业微生物育种学》第三版的基础上修订改编而成的,新版中编入了近年来工业微生物育种学所采用的新方法和取得的新成果,尤其是在分子定向进化育种、基因敲除育种和全局转录机器工程育种等方面的许多成功实例。 | |
| 333 | @a高等院校生物工程专业或相关专业师生,相关科研单位和工厂企业的科技人员与工程技术人员 | |
| 410 | 0 | @12001 @a普通高等教育“十二五”规划教材 |
| 606 | 0 | @a工业@x教材@x高等学校@x菌种@x微生物学@x遗传育种 |
| 690 | @aQ939.97@v4 | |
| 701 | 0 | @a施巧琴@9shi qiao qin@4主编 |
| 701 | 0 | @a吴松刚@9wu song gang@4主编 |
| 801 | 0 | @aCN@b唐山师范学院图书馆@c20160723 |
| 905 | @aZUCC@dQ939.97@e83=4 | |
| 工业微生物育种学/施巧琴,吴松刚主编.-4版.-北京:科学出版社,2013.01 |
| 350页:图;26cm.-(普通高等教育“十二五”规划教材) |
| 使用对象:高等院校生物工程专业或相关专业师生,相关科研单位和工厂企业的科技人员与工程技术人员 |
| ISBN 978-7-03-036738-9:CNY45.00 |
| 本书是在《工业微生物育种学》第三版的基础上修订改编而成的,新版中编入了近年来工业微生物育种学所采用的新方法和取得的新成果,尤其是在分子定向进化育种、基因敲除育种和全局转录机器工程育种等方面的许多成功实例。 |
| ● |
| 相关链接 |
|
|
|
|
正题名:工业微生物育种学
索取号:Q939.97/83=4
 
预约/预借
| 序号 | 登录号 | 条形码 | 馆藏地/架位号 | 状态 | 备注 |
| 1 | 903285 | 209032857 | 第二样本阅览室/ [索取号:Q939.97/83=4] | 在馆 | |
| 2 | 903286 | 209032866 | 第三借阅区/ [索取号:Q939.97/83=4] | 在馆 | |
| 3 | 903287 | 209032875 | 密集书库-生命科学系/ [索取号:Q939.97/83=4] | 在馆 | |
| 4 | 903288 | 209032884 | 第三借阅区/ [索取号:Q939.97/83=4] | 在馆 | |
| 5 | 903289 | 209032893 | 第三借阅区/ [索取号:Q939.97/83=4] | 在馆 |